| 000 | 00444nam a2200193Ia 4500 | ||
|---|---|---|---|
| 008 | 210210b1951 xxu||||| |||| 00| 0 eng d | ||
| 041 | _aeng | ||
| 082 | _a384/57 | ||
| 100 | _aRAJAGOPAL (M P) | ||
| 245 | _aGuide to the study of commercial geography | ||
| 260 |
_aMadras _b- _c1951 |
||
| 300 | _aiv,168 | ||
| 650 | _astudy | ||
| 650 | _aGuide | ||
| 650 | _ageography | ||
| 650 | _acommercial | ||
| 690 | _aGeography | ||
| 906 | _a005453 | ||
| 999 |
_c125472 _d125472 |
||